| 000 -LEADER |
| fixed length control field |
01036cam a22002774a 4500 |
| 003 - CONTROL NUMBER IDENTIFIER |
| control field |
OSt |
| 005 - DATE AND TIME OF LATEST TRANSACTION |
| control field |
20260215130839.0 |
| 008 - FIXED-LENGTH DATA ELEMENTS--GENERAL INFORMATION |
| fixed length control field |
010322r20012001ne a b 000 0 eng |
| 020 ## - INTERNATIONAL STANDARD BOOK NUMBER |
| International Standard Book Number |
9780792369448 |
| Qualifying information |
(alk. paper) |
| 042 ## - AUTHENTICATION CODE |
| Authentication code |
pcc |
| 082 00 - DEWEY DECIMAL CLASSIFICATION NUMBER |
| Classification number |
153.4/3 |
| Edition number |
21 |
| 245 00 - TITLE STATEMENT |
| Title |
Thinking with diagrams / |
| Statement of responsibility, etc |
edited by Alan F. Blackwell. |
| 260 ## - PUBLICATION, DISTRIBUTION, ETC. (IMPRINT) |
| Place of publication, distribution, etc |
Dordrecht ; |
| -- |
Boston : |
| Name of publisher, distributor, etc |
Kluwer Academic Publishers, |
| Date of publication, distribution, etc |
c2001. |
| 300 ## - PHYSICAL DESCRIPTION |
| Extent |
viii, 149 p. : |
| Other physical details |
ill. ; |
| Dimensions |
25 cm. |
| 500 ## - GENERAL NOTE |
| General note |
"Reprinted from Artificial intelligence review, volume 15, nos. 1-2, 2001." |
| 504 ## - BIBLIOGRAPHY, ETC. NOTE |
| Bibliography, etc |
Includes bibliographical references. |
| 650 #0 - SUBJECT ADDED ENTRY--TOPICAL TERM |
| Topical term or geographic name as entry element |
Reasoning (Psychology) |
| 650 #0 - SUBJECT ADDED ENTRY--TOPICAL TERM |
| Topical term or geographic name as entry element |
Visual communication. |
| 650 #0 - SUBJECT ADDED ENTRY--TOPICAL TERM |
| Topical term or geographic name as entry element |
Human information processing. |
| 650 #0 - SUBJECT ADDED ENTRY--TOPICAL TERM |
| Topical term or geographic name as entry element |
Problem solving. |
| 650 #0 - SUBJECT ADDED ENTRY--TOPICAL TERM |
| Topical term or geographic name as entry element |
Cognitive science. |
| 700 1# - ADDED ENTRY--PERSONAL NAME |
| Personal name |
Blackwell, Alan F. |
| 856 42 - ELECTRONIC LOCATION AND ACCESS |
| Materials specified |
Publisher description |
| Uniform Resource Identifier |
<a href="http://www.loc.gov/catdir/enhancements/fy0822/2001029530-d.html">http://www.loc.gov/catdir/enhancements/fy0822/2001029530-d.html</a> |
| 856 41 - ELECTRONIC LOCATION AND ACCESS |
| Materials specified |
Table of contents only |
| Uniform Resource Identifier |
<a href="http://www.loc.gov/catdir/enhancements/fy0822/2001029530-t.html">http://www.loc.gov/catdir/enhancements/fy0822/2001029530-t.html</a> |
| 942 ## - ADDED ENTRY ELEMENTS (KOHA) |
| Source of classification or shelving scheme |
|